Phân tích các yếu tố ảnh hưởng đến quyết định gửi tiền tiết kiệm của khách hàng cá nhân tại Ngân hàng Á Châu chi nhánh Cần Thơ : Luận văn thạc sĩ kinh tế. Chuyên ngành Quản trị Kinh doanh
Nghiên cứu các nhân tố ảnh hưởng đến tiền gửi tiết kiệm của cá nhân tại các Ngân hàng Á Châu chi nhánh Cần Thơ và đề xuất các giải pháp thu hút tiền gửi của khách hàng cá nhân vào hệ thống ngân hàng này...
Сохранить в:
| Главный автор: | |
|---|---|
| Формат: | |
| Язык: | Undetermined |
| Опубликовано: |
Cần Thơ
Trường Đại học Cần Thơ
2016
|
| Предметы: | |
| Метки: |
Добавить метку
Нет меток, Требуется 1-ая метка записи!
|
| Thư viện lưu trữ: | Trung tâm Học liệu Trường Đại học Cần Thơ |
|---|
| LEADER | 01268nam a2200217Ia 4500 | ||
|---|---|---|---|
| 001 | CTU_213020 | ||
| 008 | 210402s9999 xx 000 0 und d | ||
| 082 | |a 332.12 | ||
| 082 | |b A107 | ||
| 088 | |a 60340102 | ||
| 100 | |a Lê, Thị Hoài Anh | ||
| 245 | 0 | |a Phân tích các yếu tố ảnh hưởng đến quyết định gửi tiền tiết kiệm của khách hàng cá nhân tại Ngân hàng Á Châu chi nhánh Cần Thơ : | |
| 245 | 0 | |b Luận văn thạc sĩ kinh tế. Chuyên ngành Quản trị Kinh doanh | |
| 245 | 0 | |c Lê Thị Hoài Anh ; Võ Thị Thanh Lộc (Cán bộ hướng dẫn) | |
| 260 | |a Cần Thơ | ||
| 260 | |b Trường Đại học Cần Thơ | ||
| 260 | |c 2016 | ||
| 520 | |a Nghiên cứu các nhân tố ảnh hưởng đến tiền gửi tiết kiệm của cá nhân tại các Ngân hàng Á Châu chi nhánh Cần Thơ và đề xuất các giải pháp thu hút tiền gửi của khách hàng cá nhân vào hệ thống ngân hàng này | ||
| 650 | |a Nghiệp vụ ngân hàng thương mại,Commercial banking | ||
| 904 | |i Nguyên | ||
| 980 | |a Trung tâm Học liệu Trường Đại học Cần Thơ | ||